Online Catalogue and eLibrary

Kulantaikal penkal aankal (Record no. 4114)

MARC details
000 -LEADER
fixed length control field 00384nam a2200157Ia 4500
005 - DATE AND TIME OF LATEST TRANSACTION
control field 20250325053355.0
008 - FIXED-LENGTH DATA ELEMENTS--GENERAL INFORMATION
fixed length control field 240331s9999 xx 000 0 und d
020 ## - INTERNATIONAL STANDARD BOOK NUMBER
ISBN 8190080156
082 ## - DDC Classification
Item Number - Author Mark RAM
Class No. 894
100 ## - MAIN ENTRY--PERSONAL NAME
Personal name Ramaswamy, S
245 #0 - TITLE STATEMENT
Title Kulantaikal penkal aankal
260 ## - PUBLICATION, DISTRIBUTION, ETC.
Place of publication, distribution, etc. Nagercoil
Name of publisher, distributor, etc. Kalachchuvadu Pathippagam
Date of publication, distribution, etc. 1998
300 ## - PHYSICAL DESCRIPTION
Extent (e.g. Volumes, Pages etc.) 647 p .,
650 ## - SUBJECT ADDED ENTRY--TOPICAL TERM
Topical term or geographic name entry element Fiction
942 ## - Koha item type (Biblio)
Koha item type Books in Stacks (Lending)
Holdings
Lost status Damaged status Collection code Home library Current library Shelving location Date acquired Full call number Accession Number Item type
    Lending WERC Library WERC Library Social Science Cupboard 03/31/2024 894.811 RAM 2934 Books in Stacks (Lending)

© WERC Library